000 nam a22 7a 4500
999 _c9628
_d9628
008 180205b ||||| |||| 00| 0 eng d
100 _aVishwanathan,R.
_95756
245 _aLucky the Licking Dog
260 _aNew Delhi
_bCBT
_c2014